ARRUPE JESUIT UNIVERSITY

CORONAVIRUS -STOP THE SPREAD - CLEAN,DISINFECT,COVER

Women of resilience. (Record no. 117812)

MARC details
000 -LEADER
fixed length control field 01140cam a2200325 a 4500
001 - CONTROL NUMBER
control field 12213673
003 - CONTROL NUMBER IDENTIFIER
control field ARRUPE
005 - DATE AND TIME OF LATEST TRANSACTION
control field 20130917131746.0
008 - FIXED-LENGTH DATA ELEMENTS--GENERAL INFORMATION
fixed length control field 000830s2000 rh b 000 0ceng
010 ## - LIBRARY OF CONGRESS CONTROL NUMBER
LC control number 00378177
020 ## - INTERNATIONAL STANDARD BOOK NUMBER
Cancelled/invalid ISBN 07974200209
035 ## - SYSTEM CONTROL NUMBER
System control number (DLC) 00378177
040 ## - CATALOGING SOURCE
Original cataloging agency DLC
Transcribing agency DLC
Modifying agency DLC
042 ## - AUTHENTICATION CODE
Authentication code lcode
043 ## - GEOGRAPHIC AREA CODE
Geographic area code f-rh---
050 00 - LIBRARY OF CONGRESS CALL NUMBER
Classification number DT2990
Item number .W66 2000
082 00 - DEWEY DECIMAL CLASSIFICATION NUMBER
Classification number 968.91/04/0922
Edition number 21
300 ## - PHYSICAL DESCRIPTION
Other physical details maps ;
Dimensions 22 cm.
245 00 - TITLE STATEMENT
Title Women of resilience.
260 ## - PUBLICATION, DISTRIBUTION, ETC. (IMPRINT)
Place of publication, distribution, etc Harare, Zimbabwe :
Name of publisher, distributor, etc Zimbabwe Women Writers,
Date of publication, distribution, etc c2000.
300 ## - PHYSICAL DESCRIPTION
Extent xiv, 193 p. :
500 ## - GENERAL NOTE
General note "The voices of women ex-combatants"--Cover.
650 #0 - SUBJECT ADDED ENTRY--TOPICAL TERM
Topical term or geographic name as entry element Women soldiers
Geographic subdivision Zimbabwe
Form subdivision Interviews.
9 (RLIN) 265
650 #0 - SUBJECT ADDED ENTRY--TOPICAL TERM
Topical term or geographic name as entry element Women
Geographic subdivision Zimbabwe
Form subdivision Biography.
9 (RLIN) 266
651 #0 - SUBJECT ADDED ENTRY--GEOGRAPHIC NAME
Geographic name Zimbabwe
General subdivision History
Chronological subdivision Chimurenga War, 1966-1980
Form subdivision Personal narratives.
9 (RLIN) 267
651 #0 - SUBJECT ADDED ENTRY--GEOGRAPHIC NAME
Geographic name Zimbabwe
General subdivision history
Chronological subdivision Chimurenga War, 1966-1980
General subdivision Women.
9 (RLIN) 268
710 2# - ADDED ENTRY--CORPORATE NAME
Corporate name or jurisdiction name as entry element Zimbabwe Women Writers.
9 (RLIN) 269
906 ## - LOCAL DATA ELEMENT F, LDF (RLIN)
a 7
b cbc
c origode
d 3
e ncip
f 20
g y-gencatlg
942 ## - ADDED ENTRY ELEMENTS (KOHA)
Source of classification or shelving scheme Library of Congress Classification
Koha item type Monograph ( Printed materials)
Holdings
Withdrawn status Lost status Source of classification or shelving scheme Damaged status Not for loan Home library Current library Date acquired Total Checkouts Full call number Barcode Date last seen Price effective from Koha item type
    Library of Congress Classification     ARRUPE LIBRARY ARRUPE LIBRARY 17/09/2013   DT2990 .W66 2000 46411874 07/12/2017 17/09/2013 Monograph ( Printed materials)

 

Arrupe Library. PO Box MP320 Mt Pleasant, Harare, Zimbabwe
263 242 745411|librarian@aju.ac.zw